000 00525cam a2200205ua 4500
001 784
008 110420n ii |||gr||||Z||||||eng
040 _cMAIN
082 _a320.973
245 1 _aAmerican democracy
_cby Robert K. Carr
250 _a5th.
260 _aNew Delhi:
_bOxford & IBH,970.
300 _a620p:
_c35cm.
653 _aPolitical science
653 _aAmerican democracy
700 _aCarr, Robert K.,
_eAuthor.
700 _a Bernstein,Marver H.,
700 _a Murphy,Walter F.,
_eAuthor.
942 _cBK
999 _c710
_d710